000 00482nmm a2200157Ia 4500
008 251105s9999||||xx |||||||||||||||||und||
020 _a9789587386332
041 _aspa
100 _aUribe, María Victoria
245 0 _aHilando fino. Voces femeninas en La Violencia
264 _a[Bogotá, Colombia] :
_bUniversidad del Rosario,
_c2015
300 _a286 páginas
650 _aGender and Women Studies
856 _uhttps://public.digitaliapublishing.com/a/46535
942 _cCF
999 _c95833
_d95833